Dulces Chilenos
Historia que versa sobre la familia de tres viudas (Amalia y sus dos hijas, Elena y Marta) las cuales han sufrido la muerte, conflictos por diferentes ideologías, daños del pasado que arrastran durante el tiempo de convivencia en un contexto en el que predominaba el encierro. Esta novela está caract...
保存先:
| 第一著者: | |
|---|---|
| フォーマット: | 図書 |
| 言語: | Undetermined |
| 出版事項: |
Barcelona, España
Editorial Pomaire
1977
|
| 主題: | |
| タグ: |
タグ追加
タグなし, このレコードへの初めてのタグを付けませんか!
|
MARC
| LEADER | 00000nam a2200000Ia 4500 | ||
|---|---|---|---|
| 008 | 170316s9999 xx 000 0 und d | ||
| 040 | |a cru BVZT | ||
| 090 | |a 860 B-28.1d | ||
| 100 | |a Blanco, Guillermo |9 1333 | ||
| 245 | |a Dulces Chilenos | ||
| 260 | |a Barcelona, España | ||
| 260 | |b Editorial Pomaire | ||
| 260 | |c 1977 | ||
| 300 | |a 226 páginas | ||
| 520 | |a Historia que versa sobre la familia de tres viudas (Amalia y sus dos hijas, Elena y Marta) las cuales han sufrido la muerte, conflictos por diferentes ideologías, daños del pasado que arrastran durante el tiempo de convivencia en un contexto en el que predominaba el encierro. Esta novela está caracterizada por sentimientos como el odio, la culpa abrumadora, resentimiento y la agresividad. | ||
| 650 | |a LITERATURA LATINOAMERICANA |9 15 | ||
| 999 | |c 8411 |d 8411 | ||
| 942 | |c 15 D |h 860 B-28.1d |2 z | ||
